Statistics for Σημαντικά πρόσωπα της ελληνικής Ιστορίας #1

Click here to take the quiz!

General Stats

  • This quiz has been taken 420 times
    (418 since last reset)
  • The average score is 11 of 16

Answer Stats

Answer% Correct
Ιωάννης Καποδίστριας
89%
Ελευθέριος Βενιζέλος
89%
Λασκαρίνα Μπουμπουλίνα
88%
Ρήγας Φεραίος
80%
Όμηρος
78%
Μέγας Αλέξανδρος
76%
Μαρία Κάλλας
73%
Γεώργιος Καραϊσκάκης
72%
Πλάτων
71%
Γεώργιος Παπανδρέου
65%
Γεώργιος Σεφέρης
65%
Χαρίλαος Τρικούπης
64%
Κωνσταντίνος ΙΑ' Παλαιολόγος
54%
Ιωάννης Μακρυγιάννης
46%
Θεμιστοκλής
42%
Κλεοπάτρα Ζ'
30%

Score Distribution

Percentile by Number Answered

Percent of People with Each Score

Your Score History

You have not taken this quiz since the last reset